<?xml version="1.0" encoding="UTF-8"?>
<record
    xmlns:xsi="http://www.w3.org/2001/XMLSchema-instance"
    xsi:schemaLocation="http://www.loc.gov/MARC21/slim http://www.loc.gov/standards/marcxml/schema/MARC21slim.xsd"
    xmlns="http://www.loc.gov/MARC21/slim">

  <leader>01664nam a2200289 a 4500</leader>
  <controlfield tag="001">000046756</controlfield>
  <controlfield tag="003">DO-SdBNP</controlfield>
  <controlfield tag="005">20240313073820.0</controlfield>
  <controlfield tag="007">ta</controlfield>
  <controlfield tag="008">180322s2016    dr            000 j spa d</controlfield>
  <datafield tag="020" ind1=" " ind2=" ">
    <subfield code="a">9789945590371</subfield>
  </datafield>
  <datafield tag="040" ind1=" " ind2=" ">
    <subfield code="a">DO-SdBNP</subfield>
    <subfield code="b">spa</subfield>
    <subfield code="c">BNPHU</subfield>
  </datafield>
  <datafield tag="111" ind1="2" ind2=" ">
    <subfield code="a">Premio Funglode de Cuento Juan Bosch</subfield>
    <subfield code="d">(2015 :</subfield>
    <subfield code="c">Santo Domingo)</subfield>
    <subfield code="9">74698</subfield>
  </datafield>
  <datafield tag="245" ind1="1" ind2="3">
    <subfield code="a">El s&#xED;ndrome de Heinz y otros cuentos /</subfield>
    <subfield code="c">Leo Silverio, Stanislaw Pe&#xF1;a, V&#xED;ctor de Fr&#xED;as, Yaina Rodr&#xED;guez, Aracelis Mireles, Katiusca Vargas, Keiselim A. Mont&#xE1;s, Elizabeth Villam&#xE1;n.</subfield>
  </datafield>
  <datafield tag="260" ind1=" " ind2=" ">
    <subfield code="a">Santo Domingo :</subfield>
    <subfield code="b">Funglode,</subfield>
    <subfield code="c">2016.</subfield>
  </datafield>
  <datafield tag="300" ind1=" " ind2=" ">
    <subfield code="a">112 p. ;</subfield>
    <subfield code="c">23 cm.</subfield>
  </datafield>
  <datafield tag="490" ind1="1" ind2=" ">
    <subfield code="a">Premios Funglode/GFDD</subfield>
    <subfield code="a">Cuentos</subfield>
  </datafield>
  <datafield tag="505" ind1="0" ind2=" ">
    <subfield code="g">Primer lugar/</subfield>
    <subfield code="t">El s&#xED;ndrome de Heinz /</subfield>
    <subfield code="r">Leo Silverio --</subfield>
    <subfield code="g">Segundo lugar</subfield>
    <subfield code="t">Ni centuri&#xF3;n ni pretoriano /</subfield>
    <subfield code="r">Stanislaw Pe&#xF1;a --</subfield>
    <subfield code="g">Tercer lugar</subfield>
    <subfield code="t">A dead man doesn't speak /</subfield>
    <subfield code="r">V&#xED;ctor de Fr&#xED;as --</subfield>
    <subfield code="g">Menciones</subfield>
    <subfield code="t">Un mundo gris /</subfield>
    <subfield code="r">Yaina Rodr&#xED;guez</subfield>
    <subfield code="g">Menciones</subfield>
    <subfield code="t">Librisfuss /</subfield>
    <subfield code="r">Aracelis Mireles ;</subfield>
    <subfield code="g">Menciones</subfield>
    <subfield code="t">Cr&#xF3;nica de un d&#xED;a cualquiera /</subfield>
    <subfield code="r">Katiusca Vargas ;</subfield>
    <subfield code="g">Menciones</subfield>
    <subfield code="t">T&#xED;pica historia de fea rica que se casa con un bello pobre /</subfield>
    <subfield code="r">Yaina Rodr&#xED;guez</subfield>
    <subfield code="g">Menciones</subfield>
    <subfield code="t">&#xBF;Que no es f&#xFA;til en la vida? /</subfield>
    <subfield code="r">Keiselim A. Mont&#xE1;s ;</subfield>
    <subfield code="g">Menciones</subfield>
    <subfield code="t">La se&#xF1;ora Lake /</subfield>
    <subfield code="r">Elizabeth Villam&#xE1;n.</subfield>
  </datafield>
  <datafield tag="586" ind1=" " ind2=" ">
    <subfield code="a">Premio Funglode de Cuento Juan Bosch, 2015</subfield>
  </datafield>
  <datafield tag="590" ind1=" " ind2=" ">
    <subfield code="a">Inventariado, 2018 /LP</subfield>
  </datafield>
  <datafield tag="700" ind1="1" ind2=" ">
    <subfield code="a">Silverio, Leo</subfield>
    <subfield code="t"> El s&#xED;ndrome de Heinz</subfield>
    <subfield code="9">75122</subfield>
  </datafield>
  <datafield tag="700" ind1="1" ind2="2">
    <subfield code="a">Pe&#xF1;a, Stanislaw</subfield>
    <subfield code="9">74700</subfield>
  </datafield>
  <datafield tag="700" ind1="1" ind2="2">
    <subfield code="a">Fr&#xED;as, Victor de</subfield>
    <subfield code="t">A dead man doesn't speak /</subfield>
    <subfield code="9">74701</subfield>
  </datafield>
  <datafield tag="710" ind1="2" ind2="2">
    <subfield code="a">Fundaci&#xF3;n Global Democrac&#xED;a y Desarrollo</subfield>
    <subfield code="9">25477</subfield>
  </datafield>
  <datafield tag="830" ind1=" " ind2="0">
    <subfield code="a">Premios Funglode/GFDD ;</subfield>
    <subfield code="p">Cuentos</subfield>
    <subfield code="9">74702</subfield>
  </datafield>
  <datafield tag="942" ind1=" " ind2=" ">
    <subfield code="2">ddc</subfield>
    <subfield code="c">LBS1</subfield>
  </datafield>
  <datafield tag="952" ind1=" " ind2=" ">
    <subfield code="0">0</subfield>
    <subfield code="1">0</subfield>
    <subfield code="2">ddc</subfield>
    <subfield code="5">6</subfield>
    <subfield code="7">0</subfield>
    <subfield code="8">DS</subfield>
    <subfield code="a">BNPHU</subfield>
    <subfield code="b">BNPHU</subfield>
    <subfield code="c">HD</subfield>
    <subfield code="d">2018-03-22</subfield>
    <subfield code="p">46756-30</subfield>
    <subfield code="r">2020-06-25</subfield>
    <subfield code="t">e.3</subfield>
    <subfield code="w">2020-06-25</subfield>
    <subfield code="y">LBS1</subfield>
  </datafield>
  <datafield tag="952" ind1=" " ind2=" ">
    <subfield code="0">0</subfield>
    <subfield code="1">0</subfield>
    <subfield code="2">ddc</subfield>
    <subfield code="5">1</subfield>
    <subfield code="7">0</subfield>
    <subfield code="8">PD</subfield>
    <subfield code="a">BNPHU</subfield>
    <subfield code="b">BNPHU</subfield>
    <subfield code="c">HD</subfield>
    <subfield code="d">2018-03-22</subfield>
    <subfield code="p">46756-10</subfield>
    <subfield code="r">2020-06-25</subfield>
    <subfield code="w">2020-06-25</subfield>
    <subfield code="y">LBS1</subfield>
  </datafield>
  <datafield tag="952" ind1=" " ind2=" ">
    <subfield code="0">0</subfield>
    <subfield code="1">0</subfield>
    <subfield code="2">ddc</subfield>
    <subfield code="5">1</subfield>
    <subfield code="7">0</subfield>
    <subfield code="8">PD</subfield>
    <subfield code="a">BNPHU</subfield>
    <subfield code="b">BNPHU</subfield>
    <subfield code="c">HD</subfield>
    <subfield code="d">2018-03-22</subfield>
    <subfield code="p">46756-20</subfield>
    <subfield code="r">2020-06-25</subfield>
    <subfield code="t">e. 2</subfield>
    <subfield code="w">2020-06-25</subfield>
    <subfield code="y">LBS1</subfield>
  </datafield>
  <datafield tag="999" ind1=" " ind2=" ">
    <subfield code="c">46245</subfield>
    <subfield code="d">46245</subfield>
  </datafield>
</record>
